000 00310nam a22001337a 4500
008 170711b xxu||||| |||| 00| 0 eng d
020 _a9780810377141
041 _aeng
080 _25th
_a030
100 _a23
101 _aENC
245 _aEncyclopedia of American Religions
_cMelton, J.G
942 _2udc
_cBK
999 _c20238
_d20238